000 00632nam a2200169 a 4500
001 000044300
005 20201002045258.0
008 140613s2008 dr 000 0 spa d
020 _a9789945857238
040 _aDO-SdBNP
_bspa
_cBNPHU
100 1 _aGómez ramírez, José Miguel
_961955
245 1 0 _aGenuinamente autentico :
_bBiografía de don Francisco Gómez Estrella /
_cJosé Miguel Gómez ramírez ; prólogo Nora Gómez González.
260 _aSanto Domingo :
_bLozano,
_c2008.
300 _a417 p. ;
_c22 cm.
500 _aIncluye datos biográficos del autor en la contracubierta
700 1 2 _aGómez González, Nora
_972306
999 _c43789
_d43789